000 01098nam a22002657a 4500
999 _c102258
_d102258
005 20230301115957.0
010 _a1617EN ENG-116927 ENG-136126
020 _a9781316633922
_c495.00
035 _aB-649657-663
035 _aEN-100459
035 _aB-664900
035 _aEN-119658
037 _bUPPAL
_aDPL
037 _bDBAD/PUB
082 _a320.954
245 _aDemocratic Dynasties:
_bstate, party and family in contemporary India Politics /
_cedited by Kanchan Chandra
260 _c2016
_aNew Delhi
_bCambridge University Press
270 _a4843/24, 2nd floor,Anasari Road, Darya Ganj
_bNew Delhi
_e110002
300 _c23cm(pbk)
_axxii,279p. :
_bill.
500 _aincluds index
700 _aChandra, Kanchan
942 _cEN
_2ddc
_h320.954
_mDEM